000 00567nam a2200217 a 4500
999 _c8571
_d8571
001 8571
003 BD-JhCC
005 20180227180236.0
008 180227s1965 b a|||| || | 000 0 eng d
035 _a(BD-JhCC)8571
040 _aBD-JhCC
_dBD-JhCC
041 _aeng
082 _a330.1
_bRAH 1965
100 _aRahman, Hafiz Habibur
245 _aBeginner's Economics Paper I & II /
_cHafiz Habibur Rahman,
260 _aDacca :
_bIdeal Publications,
_c1965.
300 _a256 p. :
_bill. ;
_c20 cm.
650 _aEconomics
942 _2ddc
_cBK